00442 2200169 4500001002100000005001700021008004100038020002200079035002500101041000700126082001300133090001900146100001700165245003000182260004500212650001500257INLIS0000000000043170:yyyyMMddHHmmss180719||||||||| | ||| |||| || |  a978-979-22-3838-9 a0010-031300000004317 aid0 a641.8653 a641.8653 HID k0 akoko hidayat00aKorean bread : roti korea aJakartabPT Gramedia pustaka utamac2008 0aroti korea